Jammu--a clue to Kashmir tangle. (Record no. 73353)

MARC details
000 -LEADER
fixed length control field 00535cam a22002051 4500
001 - CONTROL NUMBER
control field sa 67002651
003 - CONTROL NUMBER IDENTIFIER
control field DLC
005 - DATE AND TIME OF LATEST TRANSACTION
control field 20260227112332.0
008 - FIXED-LENGTH DATA ELEMENTS--GENERAL INFORMATION
fixed length control field 750512s1966 xx 000 0 eng
010 ## - LIBRARY OF CONGRESS CONTROL NUMBER
LC control number sa 67002651
035 ## - SYSTEM CONTROL NUMBER
System control number (OCoLC)1326644
040 ## - CATALOGING SOURCE
Original cataloging agency DLC
Transcribing agency VtU
Modifying agency DLC
042 ## - AUTHENTICATION CODE
Authentication code premarc
050 00 - LIBRARY OF CONGRESS CALL NUMBER
Classification number DS485.K2
Item number P85
100 1# - MAIN ENTRY--PERSONAL NAME
Personal name Puri, Balraj.
245 10 - TITLE STATEMENT
Title Jammu--a clue to Kashmir tangle.
260 ## - PUBLICATION, DISTRIBUTION, ETC.
Place of publication, distribution, etc. [New Delhi,
Date of publication, distribution, etc. 1966]
300 ## - PHYSICAL DESCRIPTION
Extent 107 p.
Dimensions 22 cm.
651 #0 - SUBJECT ADDED ENTRY--GEOGRAPHIC NAME
Geographic name Jammu and Kashmir (India)
General subdivision Politics and government.

No items available.

Powered by Koha